Statistics for U.S. States without an IMAX Screen

Click here to take the quiz!

General Stats

  • This quiz has been taken 67 times
  • The average score is 5 of 7

Answer Stats

State% Correct
Wyoming
93%
North Dakota
89%
South Dakota
88%
Vermont
72%
Mississippi
70%
Arkansas
68%
West Virginia
67%

Score Distribution

Percentile by Number Answered

Percent of People with Each Score

Your Score History

You have not taken this quiz